[Event "POL-ch U18"]
[Site "Szklarska Poreba"]
[Date "2020.03.13"]
[Round "7"]
[White "Maciejewski, Kamil"]
[Black "Chaczynski, Kamil"]
[Result "1-0"]
[WhiteElo "1791"]
[BlackElo "1894"]
[PlyCount "53"]
[EventDate "2020.03.07"]
[EventType "swiss"]
[EventRounds "8"]
[EventCountry "POL"]
[SourceTitle "CBM 195 Extra"]
[Source "ChessBase"]
[SourceDate "2020.05.31"]
[SourceVersion "1"]
[SourceVersionDate "2020.05.31"]
[SourceQuality "1"]

1. Nf3 d5 2. g3 g6 3. Bg2 Bg7 4. d4 Nf6 5. 0-0 0-0 6. c4 c6 7. b3 Bf5 8. Bb2 Re8 9. Nc3 Ne4 10. Nh4 Nxc3 11. Bxc3 Be6 12. cxd5 cxd5 13. f4 Qd7 14. Qd3 Bh3 15. f5 Bxg2 16. Kxg2 Nc6 17. Rf2 e5 18. f6 Bh6 19. e3 exd4 20. exd4 Re3 21. Qc2 Rae8 22. Nf3 Qg4 23. h3 Qe4 24. Qb2 Qd3 25. Re1 Rxe1 26. Nxe1 Re3 27. Nxd3 1-0

[Event "POL-ch U18"]
[Site "Szklarska Poreba"]
[Date "2020.03.13"]
[Round "8"]
[White "Pytel, Maciej"]
[Black "Maciejewski, Kamil"]
[Result "1-0"]
[WhiteElo "1919"]
[BlackElo "1791"]
[PlyCount "149"]
[EventDate "2020.03.07"]
[EventType "swiss"]
[EventRounds "8"]
[EventCountry "POL"]
[SourceTitle "CBM 195 Extra"]
[Source "ChessBase"]
[SourceDate "2020.05.31"]
[SourceVersion "1"]
[SourceVersionDate "2020.05.31"]
[SourceQuality "1"]

1. f4 c5 2. Nf3 Nc6 3. e4 g6 4. g3 Bg7 5. Bg2 e6 6. d3 Nge7 7. 0-0 d6 8. c3 0-0 9. Be3 Rb8 10. a4 a6 11. Kh1 b5 12. axb5 axb5 13. d4 cxd4 14. Nxd4 Bd7 15. Qd3 d5 16. e5 Nxd4 17. Bxd4 b4 18. Qd2 b3 19. Bc5 Re8 20. Rd1 Bc6 21. Ra3 Ra8 22. Qf2 Rxa3 23. Bxa3 Qa5 24. Nd2 Nc8 25. Rc1 Qb5 26. Qc5 Qa4 27. Qb4 Qxb4 28. Bxb4 Nb6 29. Nxb3 Nc4 30. Nd4 Bb7 31. b3 Ne3 32. Bf3 Nf5 33. Nxf5 gxf5 34. c4 Bf8 35. Bxf8 Kxf8 36. cxd5 Bxd5 37. Bxd5 exd5 38. Rc5 Rd8 39. Kg1 Kg7 40. b4 Rd7 41. b5 d4 42. Kf1 Ra7 43. Ke2 Ra3 44. Rd5 Rb3 45. Rxd4 Rxb5 46. Rd6 Rb2+ 47. Rd2 Rb6 48. Kf3 Re6 49. Rd3 Rg6 50. Rd7 Rh6 51. Kg2 Re6 52. Rd6 Kg6 53. Kh3 Kh5 54. Rd7 Kg6 55. Kh4 h6 56. Rd8 Kg7 57. Rd6 Rg6 58. Kh5 Kh7 59. Rf6 Kg7 60. Rxf5 Ra6 61. Rf6 Ra2 62. h4 Rg2 63. g4 Rf2 64. g5 hxg5 65. hxg5 Rg2 66. Rb6 Rg1 67. Rb7 Re1 68. Kg4 Re2 69. Kf5 Kg8 70. Kf6 Rf2 71. f5 Re2 72. Rb8+ Kh7 73. g6+ fxg6 74. fxg6+ Kh6 75. Rh8# 1-0

[Event "POL-ch U18"]
[Site "Szklarska Poreba"]
[Date "2020.03.07"]
[Round "1"]
[White "Maciejewski, Kamil"]
[Black "Derylo, Kamil"]
[Result "1-0"]
[WhiteElo "1791"]
[BlackElo "2083"]
[PlyCount "84"]
[EventDate "2020.03.07"]
[EventType "swiss"]
[EventRounds "8"]
[EventCountry "POL"]
[SourceTitle "CBM 195 Extra"]
[Source "ChessBase"]
[SourceDate "2020.05.31"]
[SourceVersion "1"]
[SourceVersionDate "2020.05.31"]
[SourceQuality "1"]

1. Nf3 d5 2. g3 c6 3. Bg2 Bf5 4. 0-0 Nd7 5. c4 e6 6. cxd5 cxd5 7. d3 Bc5 8. Nc3 Ngf6 9. Qb3 Qb6 10. Na4 Qxb3 11. axb3 Bd6 12. Be3 0-0 13. Nd4 Bg4 14. h3 Bh5 15. g4 Bg6 16. Nb5 Bb8 17. Rfc1 h6 18. Nc7 Bxc7 19. Rxc7 b5 20. Nc5 Nxc5 21. Bxc5 Rfc8 22. Raxa7 Rxc7 23. Rxa8+ Kh7 24. b4 Rb7 25. Bf1 Nd7 26. d4 Bc2 27. Ra3 Nb8 28. e3 Nc6 29. Ra6 Nb8 30. Ra7 Rxa7 31. Bxa7 Nc6 32. Bc5 Ba4 33. b3 Bxb3 34. Bxb5 Nxb4 35. Bxb4 Bc2 36. Kg2 Kg6 37. Kg3 h5 38. Be2 hxg4 39. hxg4 f5 40. Bd6 Kf7 41. Kf4 g6 42. gxf5 gxf5 1-0

[Event "Pardubice Czech op-B 30th"]
[Site "Pardubice"]
[Date "2019.07.25"]
[Round "7"]
[White "Maciejewski, Kamil"]
[Black "Babula, Vlastimil1111"]
[Result "1-0"]
[WhiteElo "1892"]
[BlackElo "2014"]
[PlyCount "69"]
[EventDate "2019.07.19"]
[EventType "swiss"]
[EventRounds "9"]
[EventCountry "CZE"]
[SourceTitle "EXT 2020"]
[Source "ChessBase"]
[SourceDate "2019.10.17"]
[SourceVersion "1"]
[SourceVersionDate "2019.10.17"]
[SourceQuality "1"]

1. Nf3 Nf6 2. g3 g6 3. b3 Bg7 4. Bb2 0-0 5. Bg2 d6 6. d4 e5 7. dxe5 Nfd7 8. 0-0 Nc6 9. c4 dxe5 10. Qd2 a5 11. Nc3 Nd4 12. e3 Ne6 13. Rfd1 f5 14. Nb5 Qe7 15. Ne1 Ndc5 16. Rac1 a4 17. b4 Ne4 18. Qc2 a3 19. Nxa3 Qxb4 20. Nd3 Qe7 21. c5 Ra5 22. Nc4 Ra8 23. Bxe5 N6xc5 24. Bxg7 Kxg7 25. Nxc5 Nxc5 26. Na5 Ne4 27. Qxc7 Qxc7 28. Rxc7+ Rf7 29. Rxf7+ Kxf7 30. Nxb7 Ke7 31. Nd6 Be6 32. Nxe4 fxe4 33. Bxe4 Rxa2 34. Bd5 Bg4 35. f3 1-0

[Event "Pardubice Czech op-B 30th"]
[Site "Pardubice"]
[Date "2019.07.24"]
[Round "6"]
[White "Pizzuto, Samuele Tullio"]
[Black "Maciejewski, Kamil"]
[Result "1/2-1/2"]
[WhiteElo "2092"]
[BlackElo "1892"]
[PlyCount "132"]
[EventDate "2019.07.19"]
[EventType "swiss"]
[EventRounds "9"]
[EventCountry "CZE"]
[SourceTitle "EXT 2020"]
[Source "ChessBase"]
[SourceDate "2019.10.17"]
[SourceVersion "1"]
[SourceVersionDate "2019.10.17"]
[SourceQuality "1"]

1. d4 Nf6 2. Nc3 d5 3. Bg5 Nbd7 4. Qd3 h6 5. Bf4 a6 6. e4 dxe4 7. Nxe4 Nxe4 8. Qxe4 e6 9. 0-0-0 Nf6 10. Qf3 Qd5 11. Kb1 Bd6 12. Bxd6 Qxf3 13. Nxf3 cxd6 14. Bd3 Bd7 15. Nd2 Bc6 16. f3 b5 17. c3 Nd5 18. g3 Kd7 19. Rhe1 g5 20. Rc1 f5 21. Re2 h5 22. Rce1 Rae8 23. Bc2 h4 24. a4 hxg3 25. hxg3 Nc7 26. axb5 axb5 27. g4 fxg4 28. fxg4 Rh4 29. Ne4 Bxe4 30. Bxe4 Rxg4 31. d5 Rf4 32. Bg6 Re7 33. dxe6+ Rxe6 34. Rxe6 Nxe6 35. Bd3 Nc7 36. Rg1 Rf3 37. Kc2 Rf2+ 38. Kb3 Rf3 39. Kc2 Rf2+ 40. Kc1 Rf3 41. Be2 Re3 42. Kd2 Re5 43. Rh1 Ne6 44. Rh7+ Kc6 45. b4 Nf4 46. Bf3+ Nd5 47. Rg7 Rf5 48. Be4 Re5 49. Bf3 Kb6 50. Bg2 Nf4 51. Bf3 Rf5 52. Be4 Re5 53. Bf3 d5 54. Rg8 Kc7 55. Rg7+ Kd6 56. Rb7 Kc6 57. Rb8 Re6 58. Rc8+ Kb6 59. Rg8 Ng6 60. Bxd5 Rd6 61. Kc2 g4 62. Be4 Ne5 63. Rg5 Nc4 64. Bd3 Na3+ 65. Kd2 Nb1+ 66. Kc2 Na3+ 1/2-1/2

[Event "Pardubice Czech op-B 30th"]
[Site "Pardubice"]
[Date "2019.07.20"]
[Round "2"]
[White "Maciejewski, Kamil"]
[Black "Chovanec, Vladimir"]
[Result "0-1"]
[WhiteElo "1892"]
[BlackElo "2047"]
[PlyCount "98"]
[EventDate "2019.07.19"]
[EventType "swiss"]
[EventRounds "9"]
[EventCountry "CZE"]
[SourceTitle "EXT 2020"]
[Source "ChessBase"]
[SourceDate "2019.10.17"]
[SourceVersion "1"]
[SourceVersionDate "2019.10.17"]
[SourceQuality "1"]

1. Nf3 Nf6 2. g3 g6 3. b3 Bg7 4. Bb2 d6 5. d4 0-0 6. Bg2 Nbd7 7. 0-0 Re8 8. c4 e5 9. dxe5 dxe5 10. Nxe5 Nxe5 11. Qxd8 Rxd8 12. Bxe5 Re8 13. f4 Ng4 14. Bxg7 Kxg7 15. Nc3 Ne3 16. Rf2 c6 17. Bf3 Bf5 18. Nd1 Rad8 19. Nxe3 Rxe3 20. Rff1 Rd2 21. Rfd1 Rb2 22. Rd8 Re7 23. Ra8 a6 24. Rd1 Be4 25. Bxe4 Rxe4 26. Re1 Rxa2 27. Rb8 Re7 28. Rd8 Re3 29. Rd3 Rxd3 30. exd3 Rb2 31. Rd1 Rxb3 32. Rd2 a5 33. Kf2 b5 34. cxb5 cxb5 35. Ke3 Rb4 36. d4 Kf6 37. Ke4 Ke6 38. Rc2 f5+ 39. Kd3 Rb3+ 40. Kd2 Kd5 41. Rc7 Kxd4 42. Rxh7 a4 43. Kc2 Rc3+ 44. Kd2 b4 45. Rd7+ Kc4 46. Rd6 a3 47. Rc6+ Kb3 48. Rxg6 a2 49. Ra6 Kb2 0-1

[Event "Rubinstein Memorial-A 54th"]
[Site "Polanica Zdroj"]
[Date "2018.08.21"]
[Round "4"]
[White "Betkowski, Andrzej"]
[Black "Maciejewski, Kamil"]
[Result "1-0"]
[WhiteElo "2041"]
[BlackElo "1886"]
[PlyCount "67"]
[EventDate "2018.08.18"]
[EventType "swiss"]
[EventRounds "9"]
[EventCountry "POL"]
[SourceTitle "CBM 186 Extra"]
[Source "ChessBase"]
[SourceDate "2018.08.24"]
[SourceVersion "1"]
[SourceVersionDate "2018.08.24"]
[SourceQuality "1"]

1. e4 e6 2. d4 d5 3. Nc3 Nc6 4. Nf3 Nf6 5. Bd3 Nb4 6. e5 Nxd3+ 7. Qxd3 Nd7 8. Bg5 Be7 9. h4 a6 10. Ne2 b5 11. c3 c5 12. 0-0 h6 13. Bxe7 Qxe7 14. a4 c4 15. Qe3 Bb7 16. axb5 axb5 17. Rxa8+ Bxa8 18. Ra1 Nb6 19. Nf4 0-0 20. Nh5 Bc6 21. g4 Kh8 22. Qf4 Ra8 23. Rb1 Ra2 24. Kh1 Na4 25. g5 g6 26. gxh6 Nxb2 27. Ng5 Be8 28. Qf6+ Qxf6 29. Nxf6 b4 30. Nxe8 bxc3 31. Nf6 Ra7 32. Kh2 Rc7 33. Ra1 Rc8 34. Nxf7# 1-0

[Event "Pardubice Czech op-C 29th"]
[Site "Pardubice"]
[Date "2018.07.27"]
[Round "8"]
[White "Maciejewski, Kamil"]
[Black "Svub, Jan"]
[Result "1-0"]
[WhiteElo "1774"]
[BlackElo "1892"]
[PlyCount "53"]
[EventDate "2018.07.21"]
[EventType "swiss"]
[EventRounds "9"]
[EventCountry "CZE"]
[SourceTitle "CBM 186 Extra"]
[Source "ChessBase"]
[SourceDate "2018.08.24"]
[SourceVersion "1"]
[SourceVersionDate "2018.08.24"]
[SourceQuality "1"]

1. Nf3 Nf6 2. g3 b6 3. Bg2 Bb7 4. 0-0 e6 5. c4 Be7 6. Nc3 0-0 7. d4 d5 8. Ne5 Nbd7 9. Qa4 Nxe5 10. dxe5 Ne4 11. Nxe4 dxe4 12. Rd1 Qe8 13. Qc2 Qc6 14. Rd4 Qc5 15. Rd7 Rfe8 16. Bxe4 Bxe4 17. Qxe4 Rad8 18. Be3 Qb4 19. Rad1 Rxd7 20. Rxd7 h6 21. Rxc7 Qxb2 22. Qc6 Kf8 23. Rc8 Qb1+ 24. Kg2 Rd8 25. Qd7 Qe4+ 26. f3 Qxe3 27. Rxd8+ 1-0

[Event "Pardubice Czech op-C 29th"]
[Site "Pardubice"]
[Date "2018.07.23"]
[Round "3"]
[White "Maciejewski, Kamil"]
[Black "Sautkin, Sergey"]
[Result "1-0"]
[WhiteElo "1774"]
[BlackElo "1924"]
[PlyCount "67"]
[EventDate "2018.07.21"]
[EventType "swiss"]
[EventRounds "9"]
[EventCountry "CZE"]
[SourceTitle "CBM 186 Extra"]
[Source "ChessBase"]
[SourceDate "2018.08.24"]
[SourceVersion "1"]
[SourceVersionDate "2018.08.24"]
[SourceQuality "1"]

1. Nf3 g6 2. g3 Bg7 3. Bg2 c5 4. c4 Nc6 5. Nc3 Nf6 6. 0-0 0-0 7. a3 d6 8. Rb1 Rb8 9. b4 b6 10. b5 Na5 11. d3 e6 12. Qa4 Bb7 13. Bd2 Qc7 14. Na2 Nd7 15. Nc1 d5 16. Bxa5 bxa5 17. cxd5 exd5 18. Nb3 Bc3 19. Qf4 Qxf4 20. gxf4 a4 21. Nbd2 Ba8 22. Rfc1 Bg7 23. e4 Rfc8 24. Ng5 dxe4 25. Bxe4 Rc7 26. Bxa8 Rxa8 27. Nde4 h6 28. Nf3 f5 29. Nd6 Rb8 30. Re1 Bf8 31. Nc4 Rcb7 32. Re6 Kf7 33. Ra6 Nb6 34. Nfe5+ 1-0

[Event "POL Olympiad U14"]
[Site "Drzonkow"]
[Date "2017.04.08"]
[Round "9"]
[White "Haliniak, Wojciech"]
[Black "Maciejewski, Kamil"]
[Result "0-1"]
[WhiteElo "1528"]
[BlackElo "1749"]
[PlyCount "138"]
[EventDate "2017.04.02"]
[EventType "swiss"]
[EventRounds "9"]
[EventCountry "POL"]
[SourceTitle "EXT 2020"]
[Source "ChessBase"]
[SourceDate "2019.10.17"]
[SourceVersion "1"]
[SourceVersionDate "2019.10.17"]
[SourceQuality "1"]

1. e4 e6 2. d4 d5 3. Nd2 Nf6 4. e5 Nfd7 5. Bd3 b6 6. Ne2 Ba6 7. Nf3 Bxd3 8. Qxd3 c5 9. Bg5 Be7 10. Bxe7 Qxe7 11. c3 0-0 12. h4 Rc8 13. Ng5 Nf8 14. Qd2 Nc6 15. h5 cxd4 16. cxd4 h6 17. Nf3 Qb4 18. Rd1 Qxd2+ 19. Rxd2 Rc7 20. Nc3 a6 21. g4 Na5 22. Rc2 b5 23. Kd2 Rac8 24. Rhc1 Nd7 25. b3 Kf8 26. Ne1 Nc6 27. Nf3 Nb4 28. Rb2 Nb6 29. a3 Nc6 30. Ne2 Na5 31. Rc3 Rxc3 32. Nxc3 Nac4+ 33. bxc4 Nxc4+ 34. Kc2 Nxb2 35. Kxb2 Rc4 36. Kb3 Ke7 37. Nd1 Rc1 38. Ne3 Rb1+ 39. Kc2 Ra1 40. Kb2 Rh1 41. Kb3 a5 42. Kc2 g6 43. hxg6 fxg6 44. Kd2 h5 45. gxh5 gxh5 46. Ne1 h4 47. Ng4 h3 48. f3 h2 49. Nf2 Rf1 50. Ned3 h1Q 51. Nxh1 Rxh1 52. Kc3 Rh3 53. f4 b4+ 54. axb4 axb4+ 55. Kd2 b3 56. Nc5 b2 57. Kc2 Rh2+ 58. Kb1 Rd2 59. Nb3 Rf2 60. Na5 Kf7 61. Nc6 Ke8 62. Nb4 Rxf4 63. Nc2 Kd7 64. Kxb2 Rf3 65. Ne1 Re3 66. Nc2 Rd3 67. Ka2 Kc7 68. Na3 Kb6 69. Kb2 Rxd4 0-1

[Event "POL Olympiad U14"]
[Site "Drzonkow"]
[Date "2017.04.07"]
[Round "8"]
[White "Maciejewski, Kamil"]
[Black "Jaszczuk, Hubert"]
[Result "1/2-1/2"]
[WhiteElo "1749"]
[BlackElo "1700"]
[PlyCount "98"]
[EventDate "2017.04.02"]
[EventType "swiss"]
[EventRounds "9"]
[EventCountry "POL"]
[SourceTitle "EXT 2020"]
[Source "ChessBase"]
[SourceDate "2019.10.17"]
[SourceVersion "1"]
[SourceVersionDate "2019.10.17"]
[SourceQuality "1"]

1. e4 Nf6 2. e5 Nd5 3. d4 d6 4. c4 Nb6 5. exd6 exd6 6. Nf3 Bg4 7. Be2 Nc6 8. h3 Bxf3 9. Bxf3 Nxc4 10. Bxc6+ bxc6 11. Qa4 Nb6 12. Qxc6+ Qd7 13. Qf3 Be7 14. 0-0 0-0 15. Nc3 Rfe8 16. Be3 d5 17. Rac1 c6 18. b3 Bf6 19. Rfd1 Nc8 20. Na4 Be7 21. Rc2 Nb6 22. Nc5 Bxc5 23. Rxc5 Nc8 24. Rdc1 Re6 25. Qe2 Nb6 26. a4 Nc8 27. Qa6 Ne7 28. Bd2 Rb8 29. Qd3 Qb7 30. b4 a6 31. Ra5 Ra8 32. Rb1 g6 33. Rc5 Rb8 34. b5 cxb5 35. axb5 Rb6 36. Bf4 Rc8 37. Rbc1 Rxc5 38. Rxc5 Rxb5 39. Rc7 Rb1+ 40. Kh2 Qb8 41. Bg3 Nf5 42. Rc1 Rb3 43. Bxb8 Rxd3 44. Be5 Kf8 45. Rc8+ Ke7 46. Rc7+ Ke8 47. Bf6 Nxd4 48. Re7+ Kf8 49. Rc7 Ke8 1/2-1/2

[Event "POL Olympiad U14"]
[Site "Drzonkow"]
[Date "2017.04.05"]
[Round "5"]
[White "Wojnowski, Jan"]
[Black "Maciejewski, Kamil"]
[Result "0-1"]
[WhiteElo "1505"]
[BlackElo "1749"]
[PlyCount "116"]
[EventDate "2017.04.02"]
[EventType "swiss"]
[EventRounds "9"]
[EventCountry "POL"]
[SourceTitle "EXT 2020"]
[Source "ChessBase"]
[SourceDate "2019.10.17"]
[SourceVersion "1"]
[SourceVersionDate "2019.10.17"]
[SourceQuality "1"]

1. e4 e6 2. d4 d5 3. Nd2 Nf6 4. e5 Nfd7 5. Bd3 c5 6. c3 Nc6 7. Ne2 cxd4 8. cxd4 f6 9. exf6 Nxf6 10. Nf3 Qc7 11. 0-0 Bd6 12. g3 0-0 13. Bf4 Bd7 14. Rc1 Rae8 15. Ne5 Qb8 16. Nxd7 Nxd7 17. Bb5 Rc8 18. Re1 Nf6 19. Bxc6 bxc6 20. Qa4 Qb4 21. Qxb4 Bxb4 22. Red1 Be7 23. Rc2 c5 24. Rdc1 c4 25. Kg2 Nd7 26. Nc3 Bf6 27. Rd1 Rfe8 28. Re2 a6 29. h4 Kf7 30. f3 Nb8 31. Be3 Nc6 32. f4 Rb8 33. a3 Rb3 34. Rdd2 Be7 35. Rc2 Reb8 36. Bf2 Bf6 37. Rcd2 Bd8 38. Rc2 g6 39. Red2 Ba5 40. Re2 Bxc3 41. bxc3 Rxa3 42. Re3 Rbb3 43. Rce2 Nd8 44. Be1 a5 45. g4 Rb6 46. Kg3 a4 47. Rf3 Rab3 48. Ra2 Ra6 49. Rff2 Kf6 50. Rfe2 a3 51. g5+ Kf7 52. Kg4 Rab6 53. Re3 Nb7 54. Ra1 Nd6 55. Bd2 Ne4 56. Bc1 Ra6 57. Kf3 Nxc3 58. Kg3 Nb5 0-1